000 00485nam a2200181Ia 4500
005 20250508150801.0
008 008 250505s9999 xx 000 0 eng d
037 _aTextual
040 _aFEDL
_beng
_cFEDL
041 _aeng
_2eng
084 _a799.2, JIM
_qFEDL
100 _aCorbett Jim
245 0 _aMan-eaters of kumaon
260 _aLondon, UK
_bOxford University Press
_c1949
300 _axiv,218p
942 _cTEXL
_h799.2, JIM
999 _c1325644
_d1325644